Radiotherapy in cancer management : (Record no. 687)

MARC details
000 -LEADER
fixed length control field 01044cam a2200301 a 4500
001 - CONTROL NUMBER
control field 3546199
003 - CONTROL NUMBER IDENTIFIER
control field OSt
005 - DATE AND TIME OF LATEST TRANSACTION
control field 20141105131532.0
008 - FIXED-LENGTH DATA ELEMENTS--GENERAL INFORMATION
fixed length control field 970212s1997 enka b 001 0 eng d
010 ## - LIBRARY OF CONGRESS CONTROL NUMBER
LC control number 97065556
015 ## - NATIONAL BIBLIOGRAPHY NUMBER
National bibliography number GB97-38248
020 ## - INTERNATIONAL STANDARD BOOK NUMBER
International Standard Book Number 0412635801 (pbk)
035 ## - SYSTEM CONTROL NUMBER
System control number (OCoLC)37133235
040 ## - CATALOGING SOURCE
Original cataloging agency UKM
Transcribing agency UKM
Modifying agency DLC
042 ## - AUTHENTICATION CODE
Authentication code lccopycat
050 00 - LIBRARY OF CONGRESS CALL NUMBER
Classification number RC271.R3
Item number R337 1997
082 00 - DEWEY DECIMAL CLASSIFICATION NUMBER
Classification number QZ 269 R116w 1997
Edition number 21
245 00 - TITLE STATEMENT
Title Radiotherapy in cancer management :
Remainder of title a practical manual.
260 ## - PUBLICATION, DISTRIBUTION, ETC. (IMPRINT)
Place of publication, distribution, etc. London ;
-- New York :
Name of publisher, distributor, etc. Chapman & Hall Medical,
Date of publication, distribution, etc. c1997.
300 ## - PHYSICAL DESCRIPTION
Extent xi, 298 p. :
Other physical details ill. ;
Dimensions 22 cm.
500 ## - GENERAL NOTE
General note "Published on behalf of the World Health Organization."
504 ## - BIBLIOGRAPHY, ETC. NOTE
Bibliography, etc Includes bibliographical references (p. 282-283) and index.
650 #0 - SUBJECT ADDED ENTRY--TOPICAL TERM
Topical term or geographic name as entry element Cancer
General subdivision Radiotherapy.
9 (RLIN) 1807
710 2# - ADDED ENTRY--CORPORATE NAME
Corporate name or jurisdiction name as entry element World Health Organization.
9 (RLIN) 1808
906 ## - LOCAL DATA ELEMENT F, LDF (RLIN)
a 7
b cbc
c copycat
d 2
e opcn
f 19
g y-gencatlg
942 ## - ADDED ENTRY ELEMENTS (KOHA)
Source of classification or shelving scheme Other/Generic Classification Scheme
Koha item type Short Loan
Holdings
Withdrawn status Lost status Source of classification or shelving scheme Damaged status Not for loan Home library Current library Date acquired Source of acquisition Inventory number Total Checkouts Full call number Barcode Date last seen Price effective from Koha item type
    Other/Generic Classification Scheme     MUST Main Library MUST Main Library 05/11/2014 Book aid 2005/23333   QZ 269 R116w 1997 2014-3284 05/11/2014 05/11/2014 Short Loan